Các chuyên đề nâng cao thiết kế đường ô tô và điều khiển giao thông bằng đèn tín hiệu
Tallennettuna:
| Päätekijä: | |
|---|---|
| Aineistotyyppi: | Kirja |
| Kieli: | Undetermined |
| Julkaistu: |
Thành phố Hồ Chí Minh
Đại học Quốc Gia Thành phố Hồ Chí Minh
2003
|
| Aiheet: | |
| Tagit: |
Lisää tagi
Ei tageja, Lisää ensimmäinen tagi!
|
| Thư viện lưu trữ: | Trung tâm Học liệu Trường Đại học Cần Thơ |
|---|
| LEADER | 00695nam a2200193Ia 4500 | ||
|---|---|---|---|
| 001 | CTU_64019 | ||
| 008 | 210402s9999 xx 000 0 und d | ||
| 020 | |c 32000 | ||
| 082 | |a 625.7 | ||
| 082 | |b V312 | ||
| 100 | |a Nguyễn, Xuân Vinh | ||
| 245 | 0 | |a Các chuyên đề nâng cao thiết kế đường ô tô và điều khiển giao thông bằng đèn tín hiệu | |
| 245 | 0 | |c Nguyễn Xuân Vinh | |
| 260 | |a Thành phố Hồ Chí Minh | ||
| 260 | |b Đại học Quốc Gia Thành phố Hồ Chí Minh | ||
| 260 | |c 2003 | ||
| 650 | |a Design of roads | ||
| 904 | |i Trọng Hải | ||
| 980 | |a Trung tâm Học liệu Trường Đại học Cần Thơ | ||